Melbourne Airport Destinations (Melbourne, Australia) - Statistics

General Stats
  • This quiz has been taken 391 times
    193 since last reset
  • The average score is 49 of 77
Answer Stats
Airline Destination % Correct
Air New Zealand/China Airlines/Jetstar/Qantas Auckland
97%
Jetstar/Qantas/QantasLink/Virgin Australia Adelaide
95%
Jetstar/Qantas/QantasLink/Virgin Australia Brisbane
94%
Jetstar/Qantas/Virgin Australia Perth
94%
Air China Beijing (Capital)
93%
China Southern Airlines Beijing (Daxing)
93%
Jetstar/Qantas/QantasLink/Virgin Australia Sydney
93%
Air New Zealand/Qantas Wellington
93%
Etihad Airways Abu Dhabi
92%
Emirates Dubai (International)
92%
China Eastern Airlines/Juneyao Air Shanghai (Pudong)
92%
Emirates/Jetstar/Qantas/Scoot/Singapore Airlines/Turkish Airlines Singapore
92%
Japan Airlines/Qantas Tokyo (Narita)
92%
Delta Air Lines/Qantas/United Airlines Los Angeles
91%
Jetstar/Qantas/QantasLink/Virgin Australia Darwin
88%
Air India/Qantas Delhi
88%
Batik Air Malaysia/Garuda Indonesia/Jetstar/Qantas/Virgin Australia Denpasar
87%
Gaurda Indonesia/Qantas Jakarta (Soekarno-Hatta)
87%
Jetstar/Qantas/QantasLink/Virgin Australia Hobart
86%
Philippine Airlines Manila
86%
Air India Mumbai
86%
Jetstar/Qantas/QantasLink/Virgin Australia Gold Coast
85%
Cathay Pacific/Qantas Hong Kong
85%
Air New Zealand/Jetstar/Qantas Christchurch
84%
Jetstar/Thai Airways International Bangkok (Suvarnabhumi)
82%
Jetstar/Qantas/Virgin Australia Cairns
82%
Jetstar/Qantas/QantasLink/Virgin Australia Canberra
82%
United Airlines San Francisco
82%
Qantas Alice Springs
80%
AirAsia X/Batik Air Malaysia/Malaysia Airlines Kuala Lumpur (International)
80%
Qatar Airways/Virgin Australia Doha
76%
VietJet Air/Vietnam Airlines Hanoi
76%
Jetstar/VietJet Air/Vietnam Airlines Ho Chi Minh City
76%
Turkish Airlines Istanbul
76%
SriLankan Airlines Colombo (Bandaranaike)
75%
XiamenAir Xiamen
74%
LATAM Chile Santiago de Chile
72%
Asiana Airlines Seoul (Incheon)
72%
China Southern Airlines Guangzhou
71%
China Airlines Taipei (Taoyuan)
68%
Jetstar/QantasLink/Virgin Australia Newcastle
66%
Sichuan Airlines Chengdu (Tianfu)
64%
Jetstar/QantasLink/Virgin Australia Launceston
64%
Jetstar/Qantas/Virgin Australia Sunshine Coast
61%
Jetstar/QantasLink Townsville
61%
Air New Zealand/Jetstar/Qantas/Virgin Australia Queenstown
60%
Fiji Airways/Jetstar/Virgin Australia Nadi
56%
Qantas Dallas/Fort Worth
55%
Air Vanuatu Port Vila
55%
Royal Brunei Airlines Bandar Seri Begawan
52%
Bonza/QantasLink/Rex Airlines Mildura
50%
Jetstar Phuket
50%
Qantas Broome
49%
Beijing Capital Airlines Hangzhou
48%
Qantas Honolulu
47%
China Eastern Airlines Nanjing
47%
Beijing Capital Airlines Qingdao
43%
Hainan Airlines Haikou
42%
QantasLink/Rex Airlines Devonport
40%
QantasLink Albury
38%
Link Airways Wollongong
37%
QantasLink/Rex Airlines Wagga Wagga
35%
Jetstar/Virgin Australia Ayers Rock
34%
QantasLink/Rex Airlines Burnie
33%
Jetstar/Qantas/Virgin Australia Hamilton Island
29%
QantasLink Coffs Harbour
28%
Rex Airlines Mount Gambier
28%
Link Airways Dubbo
27%
Jetstar Ballina
26%
QantasLink/Rex Airlines Merimbula
24%
Rex Airlines King Island
23%
Link Airways Orange
23%
Bonza Port Macquarie
20%
Jetstar Proserpine
20%
Jetstar Hervey Bay
16%
Jetstar Busselton
13%
Qantas Exmouth
12%
No matching quizzes found
Score Distribution
Percent of People with Each Score
Percentile by Number Answered
Your Score History
You have not taken this quiz since the last reset